000
00319nam a22001337a 4500
003
OSt
008
240320b |||||||| |||| 00| 0 eng d
020
_a
9788183550231
041
_a
eng
082
_a
621.8076
_b
GAT
245
_a
GATE Mechanical engineering /
260
_a
Noida :
_b
G K Publications,
_c
2012.
942
_c
BK
999
_c
13850
_d
13850